[Event "GRE-chT 41st"]
[Site "Achaia"]
[Date "2013.07.07"]
[Round "7.9"]
[White "Leftheriotis, Emilios"]
[Black "Hatzis Bakratsas, Alexandros"]
[Result "1-0"]
[WhiteElo "1614"]
[BlackElo "1807"]
[PlyCount "109"]
[EventDate "2013.07.02"]
[EventType "team-swiss"]
[EventRounds "7"]
[EventCountry "GRE"]
[SourceTitle "CBM 155 Extra"]
[Source "ChessBase"]
[SourceDate "2013.08.26"]
[SourceVersion "1"]
[SourceVersionDate "2013.08.26"]
[SourceQuality "1"]
[WhiteTeam "Patron CN"]
[BlackTeam "Florinas OP"]
[WhiteTeamCountry "GRE"]
[BlackTeamCountry "GRE"]

1. d4 Nf6 2. c4 e6 3. g3 c5 4. Nf3 cxd4 5. Nxd4 d5 6. Nc3 e5 7. Nf3 d4 8. Nxe5 dxc3 9. Qxd8+ Kxd8 10. Nxf7+ Ke7 11. Nxh8 cxb2 12. Bxb2 g5 13. Bg2 Bg7 14. Bc1 g4 15. h3 gxh3 16. Bxh3 Bxh3 17. Rxh3 Nbd7 18. Ba3+ Ke6 19. Rd1 Rxh8 20. Rh4 Rc8 21. Rhd4 Ne5 22. c5 Bf8 23. Rd8 Rxd8 24. Rxd8 Nfd7 25. Rxf8 Nxf8 26. c6 Nfg6 27. cxb7 Nc6 28. Bc5 Nge5 29. Bxa7 Nd7 30. b8Q Ndxb8 31. Bxb8 Nxb8 32. Kd2 Kd5 33. Kd3 Nc6 34. e4+ Kc5 35. Ke3 Kd6 36. f4 h5 37. e5+ Kd5 38. Kf3 Nd4+ 39. Kg2 Nb5 40. Kh3 Nc3 41. a3 Ne4 42. Kh4 Ke6 43. a4 Kd5 44. a5 Kc6 45. e6 Kb5 46. e7 Nd6 47. Kxh5 Kxa5 48. Kg6 Kb6 49. Kg7 Kc7 50. Kf8 Kd7 51. g4 Ne8 52. g5 Nd6 53. g6 Ne8 54. g7 Nf6 55. g8Q 1-0

[Event "GRE-chT 41st"]
[Site "Achaia"]
[Date "2013.07.03"]
[Round "3.9"]
[White "Grigoriadis, Mihail"]
[Black "Leftheriotis, Emilios"]
[Result "1-0"]
[WhiteElo "1914"]
[BlackElo "1614"]
[PlyCount "55"]
[EventDate "2013.07.02"]
[EventType "team-swiss"]
[EventRounds "7"]
[EventCountry "GRE"]
[SourceTitle "CBM 155 Extra"]
[Source "ChessBase"]
[SourceDate "2013.08.26"]
[SourceVersion "1"]
[SourceVersionDate "2013.08.26"]
[SourceQuality "1"]
[WhiteTeam "AEK"]
[BlackTeam "Patron CN"]
[WhiteTeamCountry "GRE"]
[BlackTeamCountry "GRE"]

1. e4 c5 2. Nf3 d6 3. d4 cxd4 4. Nxd4 Nf6 5. Nc3 e6 6. g4 Be7 7. g5 Nfd7 8. Be3 Nc6 9. h4 Nb6 10. Nxc6 bxc6 11. Qd2 e5 12. 0-0-0 Be6 13. f4 exf4 14. Bxf4 Bg4 15. Be2 Bxe2 16. Nxe2 d5 17. Nd4 Qd7 18. Nf5 0-0 19. Qc3 f6 20. Nxe7+ Qxe7 21. gxf6 Qxf6 22. Be5 Qh6+ 23. Kb1 Rae8 24. Bxg7 Qxg7 25. Rhg1 Rf7 26. h5 Kh8 27. Rxg7 Rxg7 28. h6 1-0

[Event "GRE-chT U16"]
[Site "Patras"]
[Date "2012.12.16"]
[Round "3.2"]
[White "Tsolaki, Eleni"]
[Black "Leftheriotis, Emilios"]
[Result "1/2-1/2"]
[WhiteElo "1710"]
[BlackElo "1621"]
[PlyCount "96"]
[EventDate "2012.12.15"]
[EventType "team"]
[EventRounds "5"]
[EventCountry "GRE"]
[SourceTitle "EXT 2020"]
[Source "ChessBase"]
[SourceDate "2019.10.17"]
[SourceVersion "1"]
[SourceVersionDate "2019.10.17"]
[SourceQuality "1"]

1. e4 c5 2. Nf3 d6 3. d4 cxd4 4. Nxd4 Nf6 5. Nc3 Nc6 6. Bc4 Bd7 7. Be3 g6 8. Qe2 Bg7 9. 0-0-0 a6 10. f3 b5 11. Bb3 Na5 12. Nd5 Nxb3+ 13. Nxb3 Nxd5 14. exd5 0-0 15. Rhe1 Rc8 16. Bd4 e6 17. dxe6 Bxe6 18. Bxg7 Kxg7 19. Qd2 Qc7 20. Nd4 Rfe8 21. Re2 d5 22. f4 Bg4 23. Rxe8 Rxe8 24. Nf3 Re4 25. Re1 Bxf3 26. gxf3 Rxe1+ 27. Qxe1 Qxf4+ 28. Kb1 Qxf3 29. b3 Qf6 30. Qd2 Qe6 31. Qd4+ f6 32. Qa7+ Kh6 33. Qd4 Qe1+ 34. Kb2 Qe5 35. Kc3 Kg5 36. Kd3 Qxd4+ 37. Kxd4 f5 38. Kxd5 f4 39. Ke4 Kg4 40. c4 f3 41. Ke3 b4 42. c5 Kf5 43. Kxf3 Ke5 44. c6 Kd6 45. Ke4 Kxc6 46. Ke5 Kc5 47. h4 a5 48. Kf6 Kd6 1/2-1/2